Management Accounting / A Manual for Students Preparing for the Management Accounting Examination of the Association of Business Executives (Record no. 899)
[ view plain ]
| 000 -LEADER | |
|---|---|
| fixed length control field | 01049cam a22001814a 4500 |
| 005 - ΗΜΕΡΟΜΗΝΙΑ ΚΑΙ ΩΡΑ ΤΕΛΕΥΤΑΙΑΣ ΕΝΗΜΕΡΩΣΗΣ | |
| Πεδίο ελέγχου | 20250605163240.0 |
| 008 - FIXED-LENGTH DATA ELEMENTS--GENERAL INFORMATION | |
| Πεδίο ελέγχου σταθερού μήκους | 250528s ||||||||||||||||||||||||d |
| 035 ## - SYSTEM CONTROL NUMBER | |
| System control number | 15309 |
| 020 ## - ISBN | |
| ISBN | 863310478 |
| 040 ## - ΠΗΓΗ ΚΑΤΑΛΟΓΟΓΡΑΦΗΣΗΣ | |
| Φορέας πρωτότυπης καταλογογράφησης | MC Athens Campus Library |
| Γλώσσα καταλογογράφησης | Ελληνικά, Μοντέρνα (1453-) |
| Modifying agency | MC Athens Campus Library |
| Κανόνες περιγραφικής καταλογογράφησης | AACR2 |
| 245 1# - ΤΙΤΛΟΣ ΚΑΙ ΔΗΛΩΣΗ ΥΠΕΥΘΥΝΟΤΗΤΑΣ | |
| Τίτλος | Management Accounting / A Manual for Students Preparing for the Management Accounting Examination of the Association of Business Executives |
| 260 ## - PUBLICATION, DISTRIBUTION, ETC. | |
| Name of publisher, distributor, etc. | Emile Woolf And Associates Ltd, |
| Date of publication, distribution, etc. | 1984 |
| 300 ## - PHYSICAL DESCRIPTION | |
| Extent | 76 |
| 520 ## - SUMMARY, ETC. | |
| Summary, etc. | Introduction to Management Accounting, Analysis of Cost Behaviour, Cost Estimation, Relevant Costs for Decisions, Budgetary Planning, Budgetary Control, Standard Costing, Output Level and Pricing Decisions, Elementary Capital Project Apraisal, Compound Interest, Discounted Cash Flow Techniques, Interpretation of Accounts, Inflation Accounting, Forecasting and Corporate Planning, Working Capital Management, Stock and Work in Progress, Debtors and Cash, Tutorial Questions, Answers to Tutorial Questions. |
| 942 ## - ADDED ENTRY ELEMENTS (KOHA) | |
| Koha item type | Books |
| Τύπος τεκμηρίου | Βιβλιοθήκη | Τρέχουσα τοποθεσία | Barcode | Αριθμός εισαγωγής | Ημερομηνία απόκτησης | Ταξιθετικό σύμβολο | Αριθμός αντιτύπου | Κατάσταση απόσυρσης | Κατάσταση χαμένου | Κατάσταση κατεστραμμένου | Μη δανεισμός | Σύνολο δανεισμών | Ημερομηνία τελευταίας εμφάνισης | Η τιμή ισχύει από |
|---|---|---|---|---|---|---|---|---|---|---|---|---|---|---|
| Books | MC Athens Campus Library | MC Athens Campus Library | 9780000008985 | 1553 | 05/06/2025 | 657/.0941 EWP | 1 | 05/06/2025 | 05/06/2025 |